Aljebra

Gespeichert in:
Bibliographische Detailangaben
1. Verfasser: Yáñez, Mardoqueo
Format: Buch
Sprache:Spanisch
Erschienen: 1916 Santiago Soc. Imprenta i litografía Universo
Katalog:MANES:  Suchergebnis im Bibliothekskatalog
Schulbuchspezifische Eigenschaften:
Tags: Tag hinzufügen
Keine Tags, Fügen Sie den ersten Tag hinzu!
Hinzugefügt zu:06.04.2022
Geändert in:25.04.2025

MARC

LEADER 00000nam a22000007a 4500
005 20250425101530.0
008 220407b |||||||| |||| 00| 0 spa d
040 |a MGM 
100 |9 21697  |a Yáñez, Mardoqueo 
245 |a Aljebra  
260 |a 1916  |b Santiago   |c Soc. Imprenta i litografía Universo 
300 |a 467 p.  |c 18 x 13 cm. 
546 |a Chile 
561 |5 cl-MGM  |3 T 512 Y11a 1916  |a Chile. Museo Gabriela Mistral  |k MANES 
690 |a MATE 
691 |a SE 
942 |2 ddc  |c BK 
999 |c 99604  |d 99604 
999 |c manes:99604  |d 99604